000 00427nam a2200181Ia 4500
001 4806
005 20260306145822.0
008 260306t2004||||xx |||||||||||||| ||spa||
041 _aESP
082 _a330.122
_bD95 2004
100 _aDrucker, Peter F.
_eAUT
245 0 _aLa sociedad post capitalista
260 _c2004
300 _a298 páginas :
_c18 cm.
650 _aGEN
654 _aCAN
942 _cLIB
_dJUS
_fJUS
_2ddc
_n
999 _c4806
_d4806